Acciones para el pueblo : expresión de la época /

Análisis de la política industrial seguida en la extinta Alemania Federal (RFA) para integrar la participación de los trabajadores y empleados en la propiedad de las compañías dentro de un contexto de economía capitalista, desarrollada por Hermann Lindrath (1896-1960) desde el Ministerio de Economía...

Ful tanımlama

Kaydedildi:
Detaylı Bibliyografya
Yazar: Ferrari, Hilger (autor)
Materyal Türü: Kitap
Dil:İspanyolca
Baskı/Yayın Bilgisi: México : Porrúa, 1963, c1963
Konular:
Etiketler: Etiketle
Etiket eklenmemiş, İlk siz ekleyin!

MARC

LEADER 00000nam^a2200000^a^4500
001 000187612
005 20250521000000.0
009 20260310102307.018
037 |a Acervo ITESO - Biblioteca 
041 |a ESP 
082 |a 330. 9430875  |b FER 
100 |a Ferrari, Hilger  |e (autor) 
245 1 0 |a Acciones para el pueblo :  |b expresión de la época /  |c H. Ferrari ; tr. por Estela Sanginés de Alatriste. 
264 4 |a México :  |b Porrúa,  |c 1963, c1963 
300 |a 68 p. 
336 |a texto  |b txt  |2 rdacontenido 
337 |a sin mediación  |b n  |2 rdamedio 
338 |a volumen  |b nc  |2 rdasoporte 
500 |a Traducción de: Volksaktie: Ausdruck der Zeit 
520 |a Análisis de la política industrial seguida en la extinta Alemania Federal (RFA) para integrar la participación de los trabajadores y empleados en la propiedad de las compañías dentro de un contexto de economía capitalista, desarrollada por Hermann Lindrath (1896-1960) desde el Ministerio de Economía durante el tercer período (1957-1961) de Konrad Adenauer (1876-1967) como canciller de este país europeo. 
649 |a XX 
650 |a Sociedades en Participación 
650 |a Sociedades en Nombre Colectivo 
650 |a Sociedades Anónimas 
650 |a Empresa y Gobierno -  |z Alemania -  |x Historia 
650 |a Política Industrial -  |z Alemania -  |x Historia -  |y RFA, 1949-1963 -  |x Tema Principal 
650 |a Política Económica -  |z Alemania -  |x Historia 
650 |a Economía -  |z Alemania -  |x Historia -  |y RFA, 1949-1963 
650 |a Economía -  |z Alemania -  |x Historia -  |y RFA, 1949-1990 
650 |a Economía -  |z Alemania -  |x Historia -  |y RDA y RFA, 1949-1990 
650 |a Economía -  |z Alemania -  |x Historia -  |y Siglo XX 
910 |a Fondo General 
920 |a Impresos - Libros 
930 |a Colección General 
905 |a 101 
901 |a 0500129990  |b IT1  |c ACC  |u 20250521 
902 |a https://opac.biblio.iteso.mx/vufind/Record/000187612